Huớng dẫn học tập môn xã hội học

Xã hội học là môn học giúp người học nghiên cứu các vấn đề đào tạo nguồn nhân lực, hoạch định những chính sách phát triển kinh tế, xã hội đất nước. Cuốn sách này tạo điều kiện thuận lợi cho người học thông qua việc định hướng, cu...

Volledige beschrijving

Bewaard in:
Bibliografische gegevens
Hoofdauteur: Luơng, Văn Úc
Formaat: Boek
Taal:Undetermined
Gepubliceerd in: Hà Nội Đại học Kinh tế Quốc dân 2010
Onderwerpen:
Tags: Voeg label toe
Geen labels, Wees de eerste die dit record labelt!
Thư viện lưu trữ: Trung tâm Học liệu Trường Đại học Cần Thơ
LEADER 01093nam a2200205Ia 4500
001 CTU_163625
008 210402s9999 xx 000 0 und d
020 |c 24000 
082 |a 301.071 
082 |b U16 
100 |a Luơng, Văn Úc 
245 0 |a Huớng dẫn học tập môn xã hội học 
245 0 |c Chủ biên Luơng Văn Úc 
260 |a Hà Nội 
260 |b Đại học Kinh tế Quốc dân 
260 |c 2010 
520 |a Xã hội học là môn học giúp người học nghiên cứu các vấn đề đào tạo nguồn nhân lực, hoạch định những chính sách phát triển kinh tế, xã hội đất nước. Cuốn sách này tạo điều kiện thuận lợi cho người học thông qua việc định hướng, cụ thể hóa nội dung môn Xã hội học. 
650 |a Sociology,Xã hội học,Social sciences,Khoa học xã hội 
904 |i Đoan Trang, Trọng Hiếu 
980 |a Trung tâm Học liệu Trường Đại học Cần Thơ